00701nam a2200181 a 450000100100000000500170001000800410002704000250006808200150009310000280010824500600013626000360019630000210023250000620025304900090031595201780032499900170050200001652420200929164926.0100308s1987 dr 000 0 spa d aDO-SdBNPbspacBNPHU axxxbA473r1 aAlvarez, Eduardo93676210aRelaciones públicas & otros temas /cEduardo Alvarez. aSanto Domingo :bTaller,c1987. a142 p. ;c19 cm. aIncluye datos biográficos del autor en la contraportada aBNPD 0010718PDaPDbPDcCTd2010-03-08iLF1l0oxxx A473rp16524-10r2020-06-25w2020-06-25yLFPDzPerteneció a la biblioteca personal de Germán Emilio Ornes.ZNo se presta c16058d16058